Pizza boys
Podnikanie troch mladých mužov v oblasti donášky jedla do domu. Softér na sledovanie objednávok a pohybu ľudí v teréne. Spolupráca s viedenským McDonald`som. Spolupráca s reštauráciami. Snaha uspieť v Amerike.
Salvato in:
| Autore principale: | |
|---|---|
| Altri autori: | , , , |
| Natura: | Capitolo di libro |
| Lingua: | slovacco |
| Soggetti: | |
| Tags: |
Nessun Tag, puoi essere il primo ad aggiungerne!!
|
MARC
| LEADER | 00000naa a2200000 4500 | ||
|---|---|---|---|
| 001 | 0198849 | ||
| 005 | 20231013091500.6 | ||
| 041 | 0 | |a slo | |
| 044 | |a SK | ||
| 245 | 1 | 0 | |a Pizza boys |c Jaroslav Hinšt, Tatiana Vavrová, Richard Lipovský, Ivan Kollárik, Dušan Koutný |
| 520 | |a Podnikanie troch mladých mužov v oblasti donášky jedla do domu. Softér na sledovanie objednávok a pohybu ľudí v teréne. Spolupráca s viedenským McDonald`som. Spolupráca s reštauráciami. Snaha uspieť v Amerike. | ||
| 610 | 2 | 0 | |a podnikanie |
| 610 | 2 | 0 | |a podnikatelia |
| 610 | 2 | 0 | |a start-up |
| 610 | 2 | 0 | |a inovácia |
| 610 | 2 | 0 | |a softvér |
| 610 | 2 | 0 | |a technológie informačné |
| 610 | 2 | 0 | |a technológie komunikačné |
| 610 | 2 | 0 | |a reštaurácie |
| 100 | 1 | |a Hinšt, Jaroslav | |
| 700 | 1 | |a Vavrová, Tatiana | |
| 700 | 1 | |a Lipovský, Richard | |
| 700 | 1 | |a Kollárik, Ivan | |
| 700 | 1 | |a Koutný, Dušan | |